Online Catalogue and eLibrary

Thamilil ilakkiya varalaru (Record no. 3831)

MARC details
000 -LEADER
fixed length control field 00419nam a2200157Ia 4500
005 - DATE AND TIME OF LATEST TRANSACTION
control field 20250402215456.0
008 - FIXED-LENGTH DATA ELEMENTS--GENERAL INFORMATION
fixed length control field 240331s9999 xx 000 0 und d
082 ## - DDC Classification
Item Number - Author Mark SIV
Class No. 894
100 ## - MAIN ENTRY--PERSONAL NAME
Personal name Sivathamby, K
245 #0 - TITLE STATEMENT
Title Thamilil ilakkiya varalaru
260 ## - PUBLICATION, DISTRIBUTION, ETC.
Place of publication, distribution, etc. Chennai
Name of publisher, distributor, etc. Newcentury book House Pvt Ltd
Date of publication, distribution, etc. 1988
300 ## - PHYSICAL DESCRIPTION
Extent (e.g. Volumes, Pages etc.) 292 p .,
650 ## - SUBJECT ADDED ENTRY--TOPICAL TERM
Topical term or geographic name entry element Literary History
650 ## - SUBJECT ADDED ENTRY--TOPICAL TERM
Topical term or geographic name entry element Tamil Historiographical Analysis
942 ## - Koha item type (Biblio)
Koha item type Books in Stacks (Lending)
Holdings
Lost status Damaged status Collection code Home library Current library Shelving location Date acquired Full call number Accession Number Item type
    Lending WERC Library WERC Library Social Science Cupboard 03/31/2024 894.811 SIV 1414 Books in Stacks (Lending)

© WERC Library